| 000 | 03492cam a22003974a 4500 | ||
|---|---|---|---|
| 001 | 10189785 | ||
| 003 | USPCAS-E | ||
| 005 | 20180118181411.0 | ||
| 006 | m d | ||
| 007 | cr n | ||
| 008 | 110728s2012 nyua sf 001 0 eng d | ||
| 020 | _a9780071745529 | ||
| 020 | _a0071745521 | ||
| 035 | _a(WaSeSS)ssj0000554835 | ||
| 040 |
_aDLC _cDLC _dYDX _dBTCTA _dYDXCP _dBWX _dUAF _dCDX _dIUL _dDLC _dWaSeSS |
||
| 050 | 4 |
_aTJ163.9 _b.H53 2012 |
|
| 082 | 0 | 0 |
_a621.0420151 _223 _bHAN 2012 |
| 084 |
_aTEC009010 _2bisacsh |
||
| 100 | 1 |
_aHicks, Tyler Gregory, _d1921- |
|
| 210 | 1 | 0 | _aHandbook of energy engineering calculations |
| 245 | 1 | 0 |
_aHandbook of energy engineering calculations _h[electronic resource] / _cTyler G. Hicks. |
| 260 |
_aNew York : _bMcGraw-Hill, _cc2012. |
||
| 500 | _aIncludes index. | ||
| 502 | _a0 | ||
| 505 | 0 | _aEnergy conversion engineering -- Steam power generation -- Gas-turbine energy power generation -- Internal combustion engine energy analyses -- Nuclear energy engineering -- Hydroelectric energy power plants -- Wind-power energy design and applications -- Solar-power energy application and usage -- Geothermal energy engineering -- Ocean energy engineering -- Heat transfer and energy conservation -- Fluid transfer engineering -- Interior climate control energy economics -- Energy conservation and environmental pollution control. power generation Reciprocating-engine power generation Nuclear power generation Renewable energy sources for "green" power generation Sewage and wastewater treatment and re-use in energy options . | |
| 506 | _aLicense restrictions may limit access. | ||
| 520 | _a"SOLVE ENERGY PROBLEMS QUICKLY AND ACCURATELYFilled with step-by-step procedures for performing hundreds of calculations, this practical guide helps you solve a variety of applied energy engineering design and operating problems. Handbook of Energy Engineering Calculations features worked-out examples and enables you to obtain accurately results with minimum time and effort. Calculation procedures emphasize greenhouse gas and carbon dioxide emissions control as well as energy conservation and reuse. This is an invaluable, time-saving resource for anyone involved in energy engineering.Comprehensive coverage includes: Energy conversion engineering Steam power generation Gas-turbine power generation Internal-combustion engine energy analysis Nuclear energy engineering Hydroelectric energy power plants Wind power energy design and application Solar power energy application and usage Geothermal energy engineering Ocean energy engineering Heat transfer and energy conservation Fluid transfer engineering Interior climate control energy economics Energy conservation and environmental pollution control "--Provided by publisher. | ||
| 520 | _a"This practical guide helps engineers solve energy problems quickly and accurately using step-by-step procedures for performing more than 500 calculations together with worked out examples and numerical results"--Provided by publisher. | ||
| 650 | 0 |
_aPower (Mechanics) _xMathematical models _vHandbooks, manuals, etc. |
|
| 650 | 0 |
_aForce and energy _xMathematical models _vHandbooks, manuals, etc. |
|
| 650 | 0 |
_aEngineering mathematics _xFormulae _vHandbooks, manuals, etc. |
|
| 773 | 0 | _tAccessEngineering | |
| 856 | 4 | 0 |
_uhttp://www.columbia.edu/cgi-bin/cul/resolve?clio10189785 _zFull text available from AccessEngineering |
| 910 | _aLibrary of Congress record | ||
| 942 |
_2ddc _cBK |
||
| 999 |
_c355724 _d355724 |
||